Paroles : Sans la nommer - Georges Moustaki - Statistiques

Statistiques générales
  • Ce quiz a été pris 17 fois
  • Le résultat moyen est 245 sur 286
Statistiques - réponses
Paroles % Correct
À
100%
C'est
100%
de
100%
d'elle
100%
du
100%
elle
100%
Je
100%
je
100%
la
100%
l'on
100%
nommer
100%
parler
100%
que
100%
Que
100%
qu'on
100%
Qu'on
100%
sans
100%
traque
100%
voudrais
100%
vous
100%
l'appelle
93%
matraque
93%
On
93%
permanente
93%
qui
93%
Qui
93%
Révolution
93%
se
93%
abandonne
86%
d'une
86%
emprisonne
86%
en
86%
et
86%
Et
86%
grève
86%
mai
86%
met
86%
présente
86%
souffre
86%
soulève
86%
Comme
79%
le
79%
lui
79%
moi
79%
nous
79%
ou
79%
79%
poursuit,
79%
si
79%
trahit,
79%
Une
79%
voulez
79%
bien
71%
bon
71%
bout,
71%
bout
71%
des
71%
deux
71%
donne
71%
envie
71%
fleur
71%
hommage
71%
jambes
71%
Jusqu'au
71%
jusqu'au
71%
rendre
71%
sauvage
71%
ses
71%
suivre
71%
vivre
71%
aimée,
64%
est
64%
fruit
64%
infidèle
64%
sur
64%
fidèle
57%
fille
57%
Jolie
57%
plante
57%
plantée
57%
semble
57%
Bien-aimée
50%
mal-aimée,
50%
chantent
43%
lendemains
43%
liberté
43%
soleil
43%
sous
43%
traîne
43%
réveille
36%
vivante
29%
donnes
21%
Aucun quiz correspondant
Distribution des résultats
% des personnes avec chaque résultat
Percentile par nombre de réponses
Votre historique - résultats
Vous n’avez pas pris ce quiz